000 00841nam a2200241Ia 4500
003 OSt
005 20220923220851.0
006 a|||||r|||| 00| 0
007 ta
008 220922b |||||||| |||| 00| 0 hin d
024 _a191,670
037 _cTextual
040 _aARTS
_cARTS
_bhin
041 _2hin
_ahin
082 _aV2y7N37x, 152M1
100 _aसिंह, शंकर दयाल, संपा.
_9160191
245 0 _aडा कर्णसिंह
_b एक सौम्य व्यक्तित्व
246 _aḌā0 karṇasianha: ek saumya vyaktitva
260 _aदिल्ली
_b आलेख प्रकाशन
_c1981
300 _a193पृ.
_ccm.
942 _hV2y7N37x, 152M1
_cTEXL
_2CC
999 _c344326
_d344326